مكتبة جامعة عجلون الوطنية

فهرس بحث المكتبة

Normal view MARC view
  • النجار،فايز جمعة صالح/عبد الستار محمد العلي

Entry Personal Name

Number of records used in: 1

001 - CONTROL NUMBER

  • control field: 29098

003 - CONTROL NUMBER IDENTIFIER

  • control field: JO-AjAnu

005 - DATE AND TIME OF LATEST TRANSACTION

  • control field: 20230606074925.0

008 - FIXED-LENGTH DATA ELEMENTS

  • fixed length control field: 230606|| aca||aabn | a|a d

040 ## - CATALOGING SOURCE

  • Original cataloging agency: JO-AjAnu
  • Transcribing agency: JO-AjAnu

100 ## - HEADING--PERSONAL NAME

  • Personal name: النجار،فايز جمعة صالح/عبد الستار محمد العلي

670 ## - SOURCE DATA FOUND

  • Source citation: Work cat.: (JO-AjAnu)14937: النجار،فايز جمعة صالح/عبد الستار محمد العلي, author, الريادة وادارة الاعمال الصغيرة=Entrepreneurship And Small Business Management